Trương viên chèo cổ

Giới thiệu và tìm hiểu về vở chèo cổ "Trương Viên" và các dạng bản trò Trương Viên

Đã lưu trong:
书目详细资料
主要作者: Trần Việt Ngữ
格式: 图书
语言:Vietnamese
出版: H. Khoa học xã hội 2015
主题:
标签: 添加标签
没有标签, 成为第一个标记此记录!
Thư viện lưu trữ: Mạng thư viện Đại học Đà Nẵng
LEADER 01672aam a22004338a 4500
001 000023571
003 20024
005 20160107100116.0
008 160107s2015 viesd
020 |d 2000b 
041 0 |a vie 
082 0 4 |2 23  |a 398.209597  |b TR-N 
100 1 |a Trần Việt Ngữ 
245 1 0 |a Trương viên chèo cổ  |c Trần Việt Ngữ sưu tuyển, khảo cứu 
260 |a H.  |b Khoa học xã hội  |c 2015 
300 |a 503 tr.  |c 21 cm. 
500 |a ĐTTS ghi: Hội Văn nghệ dân gian Việt Nam 
504 |a Phụ lục: tr. 445-498 
520 |a Giới thiệu và tìm hiểu về vở chèo cổ "Trương Viên" và các dạng bản trò Trương Viên 
610 |2 7 
650 0 4 |a Văn học dân gian  |x Nghiên cứu  |z Việt Nam 
650 7 |2 Bộ TK TVQG 
650 7 |2 Bộ TK TVQG 
653 |a Văn học dân gian 
653 |a Trương viên 
653 |a Chèo cổ 
655 7 |2 Bộ TK TVQG  |a Chèo cổ 
OWN |a LSP 
AVA |a UDN50  |b LNN  |d 398.209597 TR-N  |e available  |t Error 5001 Not defined in file expand_doc_bib_avail.  |f 1  |g 0  |h N  |i 0 
AVA |a UDN50  |b LSP  |d 398.209597 TR-N  |e available  |t Error 5001 Not defined in file expand_doc_bib_avail.  |f 1  |g 0  |h N  |i 0  |k 1 
999 |a From the UDN01 
AVA |a UDN50  |b LNN  |d 398.209597 TR-N  |e available  |t Error 5001 Not defined in file expand_doc_bib_avail.  |f 1  |g 0  |h N  |i 0 
AVA |a UDN50  |b LSP  |d 398.209597 TR-N  |e available  |t Error 5001 Not defined in file expand_doc_bib_avail.  |f 1  |g 0  |h N  |i 0  |k 1 
TYP |a Monograph 
TYP |a Printed language 
980 |a Mạng thư viện Đại học Đà Nẵng